[Event "Reykjavik op"]
[Site "Reykjavik"]
[Date "2024.03.21"]
[Round "9"]
[White "Haraldsson, Haraldur"]
[Black "Zarriess, Benjamin"]
[Result "1-0"]
[WhiteElo "1991"]
[BlackElo "1798"]
[PlyCount "91"]
[EventDate "2024.03.15"]
[EventType "swiss"]
[EventRounds "9"]
[EventCountry "ISL"]
[SourceTitle "CB13_2024"]
[SourceDate "2024.03.27"]
[SourceVersion "1"]
[SourceVersionDate "2024.03.27"]
[SourceQuality "1"]

1. e4 e5 2. Nf3 Nc6 3. Bc4 Nf6 4. d3 h6 5. 0-0 d6 6. c3 g5 7. b4 Bg7 8. Na3 0-0 9. Nc2 d5 10. exd5 Nxd5 11. Bxd5 Qxd5 12. Ne3 Qd8 13. b5 Ne7 14. d4 exd4 15. Nxd4 c5 16. bxc6 Nxc6 17. Nxc6 bxc6 18. Qc2 Qa5 19. Bd2 Qc5 20. Rab1 Be6 21. c4 a5 22. Bc3 Bxc3 23. Qxc3 Rab8 24. a3 Rfd8 25. Rfd1 Rxb1 26. Rxb1 Ra8 27. g4 Rd8 28. Qf6 Qf8 29. Rb6 Rc8 30. Ra6 Qg7 31. Qxg7+ Kxg7 32. Rxa5 Rd8 33. h3 Rd4 34. a4 Kg6 35. Rc5 Bd7 36. Nc2 Rd1+ 37. Kg2 Rc1 38. Nb4 Be6 39. Rxc6 Ra1 40. Ra6 Rc1 41. a5 Rxc4 42. Rb6 Rc5 43. a6 Ra5 44. Kf3 Kf6 45. Ke4 Ke7 46. Nc6+ 1-0

[Event "Heusenstamm Schloss op"]
[Site "Heusenstamm"]
[Date "2023.11.25"]
[Round "4"]
[White "Strache, Rolf"]
[Black "Zarriess, Benjamin"]
[Result "1/2-1/2"]
[WhiteElo "1557"]
[BlackElo "1732"]
[PlyCount "51"]
[EventDate "2023.11.23"]
[EventType "swiss"]
[EventRounds "7"]
[EventCountry "GER"]
[SourceTitle "CB50_2023"]
[SourceDate "2023.12.13"]
[SourceVersion "1"]
[SourceVersionDate "2023.12.13"]
[SourceQuality "1"]

1. d4 d5 2. c4 e6 3. Nc3 Be7 4. Nf3 Nf6 5. Bg5 h6 6. Bh4 0-0 7. e3 Nbd7 8. Bd3 dxc4 9. Bxc4 c5 10. 0-0 b6 11. Rc1 Bb7 12. Bd3 cxd4 13. Nxd4 Nc5 14. Bb1 Nd5 15. Bxe7 Qxe7 16. Re1 Nxc3 17. Rxc3 Rfd8 18. Qg4 Rd5 19. f4 Rad8 20. Rec1 Qf6 21. b4 Na6 22. a3 Nb8 23. Rc7 R5d7 24. Qe2 Qe7 25. Rxd7 Qxd7 26. Qd3 1/2-1/2

[Event "Heusenstamm Schloss op"]
[Site "Heusenstamm"]
[Date "2023.11.25"]
[Round "5"]
[White "Zarriess, Benjamin"]
[Black "Hofmann, Werner2"]
[Result "1/2-1/2"]
[WhiteElo "1732"]
[BlackElo "1669"]
[PlyCount "41"]
[EventDate "2023.11.23"]
[EventType "swiss"]
[EventRounds "7"]
[EventCountry "GER"]
[SourceTitle "CB50_2023"]
[SourceDate "2023.12.13"]
[SourceVersion "1"]
[SourceVersionDate "2023.12.13"]
[SourceQuality "1"]

1. e4 c6 2. Nc3 d5 3. Nf3 dxe4 4. Nxe4 Nf6 5. Qe2 Nxe4 6. Qxe4 Nd7 7. d4 Nf6 8. Qd3 e6 9. Be2 Be7 10. 0-0 0-0 11. c3 c5 12. Rd1 b6 13. Be3 cxd4 14. Bxd4 h6 15. Ne5 Bb7 16. Bf3 Qc7 17. Bxb7 Qxb7 18. Qf3 Qxf3 19. Nxf3 Rfd8 20. a4 Nd5 21. Ne5 1/2-1/2

[Event "Biel op-B 56th"]
[Site "Biel"]
[Date "2023.07.18"]
[Round "2"]
[White "Corbat, Philippe"]
[Black "Zarriess, Benjamin"]
[Result "1/2-1/2"]
[WhiteElo "1880"]
[BlackElo "1698"]
[PlyCount "87"]
[EventDate "2023.07.17"]
[EventType "swiss"]
[EventRounds "9"]
[EventCountry "SUI"]
[SourceTitle "EXT 2024"]
[Source "ChessBase"]
[SourceDate "2023.10.10"]
[SourceVersion "1"]
[SourceVersionDate "2023.10.10"]
[SourceQuality "1"]

1. e4 e5 2. Nf3 Nf6 3. Nxe5 Nxe4 4. Qe2 Qe7 5. Qxe4 d6 6. d4 dxe5 7. dxe5 Nc6 8. Nc3 Qxe5 9. Bf4 Qxe4+ 10. Nxe4 Bb4+ 11. c3 Ba5 12. Bc4 0-0 13. 0-0 Bf5 14. Ng3 Bg6 15. h4 h6 16. h5 Bh7 17. b4 Bb6 18. Rfe1 Rfe8 19. a4 a5 20. b5 Ne7 21. Rad1 Rac8 22. Rd7 Kf8 23. Bc1 Bc5 24. Bb3 Red8 25. Rdd1 Bd6 26. Ne4 Bxe4 27. Rxe4 b6 28. Rde1 Re8 29. Bf4 Bxf4 30. Rxf4 f6 31. Be6 Rcd8 32. c4 Nc8 33. Rfe4 Nd6 34. R4e3 Nb7 35. Bf5 Nc5 36. Bg6 Rxe3 37. Rxe3 Nxa4 38. Re6 Nc5 39. Re3 a4 40. g4 Ra8 41. Ra3 Rd8 42. Re3 Ra8 43. Ra3 Rd8 44. Re3 1/2-1/2